Přednákupní rozhodování spotřebitelů z generace mileniálů při on-line nakupování v České republice a vymezení odlišností vůči chování asijských zákazníků
Identifikácia špecifických informačných zdrojov pre on-line zákazníkov z Generácie milénianov v Českej republike vo vybraných produktových katalógov. Porovanie so spotrebiteľmi v Ázii.
Salvato in:
| Autore principale: | |
|---|---|
| Altri autori: | |
| Natura: | Capitolo di libro |
| Lingua: | ceco |
| Soggetti: | |
| Tags: |
Nessun Tag, puoi essere il primo ad aggiungerne!!
|
MARC
| LEADER | 00000naa a2200000 4500 | ||
|---|---|---|---|
| 001 | 0243943 | ||
| 005 | 20220713131243.8 | ||
| 041 | 0 | |a cze | |
| 044 | |a CZ | ||
| 245 | 1 | 0 | |a Přednákupní rozhodování spotřebitelů z generace mileniálů při on-line nakupování v České republice a vymezení odlišností vůči chování asijských zákazníků |c Květa Olšanová, Petra Kotalová |
| 520 | |a Identifikácia špecifických informačných zdrojov pre on-line zákazníkov z Generácie milénianov v Českej republike vo vybraných produktových katalógov. Porovanie so spotrebiteľmi v Ázii. | ||
| 610 | 2 | 0 | |a rozhodovanie nákupné |
| 610 | 2 | 0 | |a zákazníci |
| 610 | 2 | 0 | |a Česko |
| 610 | 2 | 0 | |a nákup elektronický |
| 610 | 2 | 0 | |a katalógy |
| 610 | 2 | 0 | |a zvyklosti kultúrne |
| 610 | 2 | 0 | |a Ázia |
| 100 | 1 | |a Olšanová, Květa | |
| 700 | 1 | |a Kotalová, Petra | |